000 nam a22 7a 4500
999 _c15824
_d15824
008 161105b xxu||||| |||| 00| 0 eng d
020 _a9780262201735
050 _aN 6988.5 .A83T87 2009
100 _aTupitsyn, Victor
245 _aThe museological unconscious/
_cVictor Tupitsyn.
260 _aCambridge :
_bThe MIT press,
_c2009.
300 _ax, 341p. :
_bill. ;
_c25cm.
500 _aInclude index.
650 _aAvant-garde(asthetics)
_xRussia.
650 _aDissident art
_xRussia (federation).
942 _2lcc
_cBOOKS
_hN 6988.5 .A83T87 2009